000 00635nam a2200241Ia 4500
003 OSt
005 20221005073544.0
006 a|||||r|||| 00| 0
007 ta
008 221004b |||||||| |||| 00| 0 eng d
024 _a62670
037 _cTextual
040 _aCRL
_cCRL
_beng
041 _2eng
_aeng
082 _aV2,8.N7, M4
245 0 _aCase studies in Indian administration
260 _aNew Delhi
_bIndian Institute of Public Administration
_c1984
300 _a206p.
_ccm.
650 _a PUBLIC ADMINISTRATION
650 _aHISTORY
942 _hV2,8.N7, M4
_cTEXL
_2cc
999 _c981311
_d981311